| 000 | 01629nam0a2200325 4500 | ||
|---|---|---|---|
| 001 | RU\NLR\bibl\1722933 | ||
| 005 | 20250616072849.0 | ||
| 010 |
_a978-5-89826-337-9 _91000 |
||
| 021 |
_aRU _b2010-98863 _96671 |
||
| 035 | _a(NLR Aleph) 001713915 | ||
| 090 |
_a1297383 _c1297383 |
||
| 100 | _a20110114d2010 |||y0rusy50 ca | ||
| 101 | 1 |
_arus _cfre |
|
| 102 | _aRU | ||
| 105 | _ac ||||||||| | ||
| 200 | 1 |
_aКнига знаний _eбеседы с выдающимися мыслителями нашего времени _fКонстантин фон Барлевен, Галина Наумова _g[пер. с фр. Г. Наумовой] |
|
| 210 |
_aМосква _cПрогресс-Традиция _d2010 |
||
| 215 |
_a502 с. _cпортр. _d22 |
||
| 300 | _aЗагл. и авт. ориг.: Le livre des savairs / Constantin von Barloenen, Gala Naoumova | ||
| 454 | 0 |
_12001#$aLe livre des savairs _1700#1$aBarloenen$bC. von$f1952-$gConstantin von$4070 _1701#1$aNaumova$bG. V.$cканд. филол. наук$f1968-$gGalina Valer'evna$3RU\NLR\AUTH\770254578$4070 _tLe livre des savairs _aBarloenen, Constantin von (1952-) |
|
| 606 | 1 |
_aНаука _jСборники _91063426 _3RU\NLR\auth\6694640 |
|
| 686 | _aЧ21я43 | ||
| 700 | 1 |
_aБарлевен _bК. фон _f1952- _gКонстантин фон _4070 |
|
| 701 | 1 |
_4070 _7ca _8rus _aНаумова _bГ. В. _cканд. филол. наук _f1968- _gГалина Валерьевна _9254518 _3RU\NLR\AUTH\770254574 |
|
| 801 | 0 |
_aRU _bNLR _c20110114 _gRCR |
|
| 801 | 1 |
_aRU _bNLR _c20110114 |
|
| 942 | _cBOOK | ||
| 980 | _aNB | ||